Taylor's clinical nursing skills : (Record no. 79049)

MARC details
000 -LEADER
fixed length control field 00845nam a2200265Ia 4500
003 - CONTROL NUMBER IDENTIFIER
control field URS
005 - DATE AND TIME OF LATEST TRANSACTION
control field 20240703175258.0
008 - FIXED-LENGTH DATA ELEMENTS--GENERAL INFORMATION
fixed length control field 240418s9999 xx 000 0 und d
020 ## - INTERNATIONAL STANDARD BOOK NUMBER
International Standard Book Number 9781451192711 (alk. paper)
040 ## - CATALOGING SOURCE
Language of cataloging English
Transcribing agency URS
Description conventions rda
050 ## - LIBRARY OF CONGRESS CALL NUMBER
Classification number RT51
Item number .L958 2008
100 ## - MAIN ENTRY--PERSONAL NAME
Personal name Lynn, Pamela,
Relator term author.
245 #0 - TITLE STATEMENT
Title Taylor's clinical nursing skills :
Remainder of title a nursing process approach /
Statement of responsibility, etc Pamela Lynn.
250 ## - EDITION STATEMENT
Edition statement Fourth edition.
264 ## - PUBLICATION, DISTRIBUTION, ETC. (IMPRINT)
Place of publication, distribution, etc Philadelphia :
Name of publisher, distributor, etc Wolters Kluwer,
Date of publication, distribution, etc ©2015.
300 ## - PHYSICAL DESCRIPTION
Extent xx, 1116 pages ;
Dimensions 28 cm.
336 ## - CONTENT TYPE
Content type term text
Content type code txt
Source rdacontent
337 ## - MEDIA TYPE
Media type term unmediated
Media type code n
Source rdamedia
338 ## - CARRIER TYPE
Carrier type term volume
Carrier type code nc
Source rdacarrier
504 ## - BIBLIOGRAPHY, ETC. NOTE
Bibliography, etc Includes bibliographical references and index.
650 #0 - SUBJECT ADDED ENTRY--TOPICAL TERM
Topical term or geographic name as entry element Nursing.
9 (RLIN) 1023
650 #0 - SUBJECT ADDED ENTRY--TOPICAL TERM
Topical term or geographic name as entry element Nursing process.
9 (RLIN) 1100
650 #0 - SUBJECT ADDED ENTRY--TOPICAL TERM
Topical term or geographic name as entry element Nursing care
General subdivision Methods.
9 (RLIN) 4278
942 ## - ADDED ENTRY ELEMENTS (KOHA)
Koha item type Reserved Books
Source of classification or shelving scheme Library of Congress Classification
Holdings
Withdrawn status Lost status Source of classification or shelving scheme Damaged status Not for loan Collection code Home library Current library Shelving location Date acquired Source of acquisition Total Checkouts Full call number Barcode Date last seen Copy number Koha item type
    Library of Congress Classification     Non-fiction Taytay College Library Taytay College Library Reserve Section 04/14/2024 Donation   RT51 .L958 2015 URSTAY-5409 06/03/2025 1 Reserved Books
    Library of Congress Classification     Non-fiction Taytay College Library Taytay College Library Reserve Section 07/03/2024 Donation   RT51 .L958 2015 URSTAY-5413 06/03/2025 2 Reserved Books
    Library of Congress Classification     Non-fiction Taytay College Library Taytay College Library Reserve Section 07/15/2024 Donation   RT51 .L958 2008 URSTAY-5619 06/03/2025 3 Reserved Books
    Library of Congress Classification     Non-fiction Taytay College Library Taytay College Library Reserve Section 04/19/2024 Donation   RT51 .L958 2008 URSTAY-5713 06/16/2025 4 Reserved Books

University of Rizal System
Email us at univlibservices@urs.edu.ph

Visit our Website www.urs.edu.ph/library